The synonym finder /

Bibliographic Details
Main Author: Rodale, J. I. (Jerome Irving), 1898-1971
Other Authors: Urdang, Laurence, LaRoche, Nancy
Format: Book
Language:English
Published: Emmaus, Pa. : Rodale Press, [1978]
Subjects:

MARC

Tag First Indicator Second Indicator Subfields
LEADER 00000cam a2200000 i 4500
001 in00000072954
005 20151008060002.0
008 780912s1978 pau 00010 engm
010 |a  78011440  
020 |a 0878572368 :  |c $16.95. 
020 |a 0878572449 (deluxe :)  |c $19.95 
035 |a (OCoLC)04498398 
035 |9 AAJ4886AM 
040 |a DLC  |c DLC  |d m.c.  |d TXA  |d UtOrBLW 
049 |a TXAM [Also in] [Ref]  |c 1 [1556519], 2 [1502187], 3 [801055], 4 [801056], 5 [271539], 6 [A08984035]  |a TXAF  |c 6 [275441] 
050 0 0 |a PE1591  |b .R64 1978 
082 0 |a 423/.1 
100 1 |a Rodale, J. I.  |q (Jerome Irving),  |d 1898-1971. 
245 1 4 |a The synonym finder /  |c [edited] by J. I. Rodale ; completely rev. by Laurence Urdang, editor in chief, and Nancy LaRoche, managing editor, editors, Fay C. Allen [and others]. 
264 1 |a Emmaus, Pa. :  |b Rodale Press,  |c [1978] 
264 4 |c ©1978 
300 |a 1361 pages ;  |c 25 cm. 
336 |a text  |b txt  |2 rdacontent 
337 |a unmediated  |b n  |2 rdamedia 
338 |a volume  |b nc  |2 rdacarrier 
650 0 |a English language  |x Synonyms and antonyms. 
700 1 |a Urdang, Laurence. 
700 1 |a LaRoche, Nancy. 
999 |a MARS 
999 f f |s 50b410a9-c52d-360f-99a5-54cb27f14aed  |i eacdef6a-5b5a-3840-a5bc-281880971a68  |t 0 
952 f f |p ric  |a Texas A&M University  |b Rellis Campus  |c Joint Library Facility  |s JLF  |d Remote Storage  |t 0  |e PE1591 .R64 1978  |h Library of Congress classification  |i unmediated -- volume  |m A14808232941 
998 f f |a PE1591 .R64 1978  |t 0  |l Remote Storage